Food emoji quiz - Statistics

General Stats
  • This quiz has been taken 241 times
  • The average score is 10 of 15
Answer Stats
Food Answer % Correct
πŸ“ Strawberry
93%
🍎 Apple
91%
πŸ§€ Cheese
87%
πŸ’ Cherry
87%
🌽 Corn
82%
πŸ… Tomato
82%
πŸ₯ Kiwi
81%
πŸ₯• Carrot
80%
🍊 Orange
77%
πŸ‘ Peach
77%
πŸ₯œ Peanut
77%
πŸ† Eggplant
70%
πŸ₯‘ Avacodo
19%
πŸ‰ Watermellon
13%
🍏 Sour apple
11%
No matching quizzes found
Score Distribution
Percent of People with Each Score
Percentile by Number Answered
Your Score History
You have not taken this quiz